Difference spaces and invariant linear forms
Αποθηκεύτηκε σε:
| Κύριος συγγραφέας: | |
|---|---|
| Μορφή: | Βιβλίο |
| Γλώσσα: | English |
| Δημοσίευση: |
Berlin ; New York :
Springer-Verlag,
c1994
|
| Σειρά: | Lecture notes in mathematics (Springer-Verlag)
; 1586 |
| Θέματα: | |
| Ετικέτες: |
Προσθήκη ετικέτας
Δεν υπάρχουν, Καταχωρήστε ετικέτα πρώτοι!
|
MARC
| LEADER | 00000cam a2200000 i 4500 | ||
|---|---|---|---|
| 001 | 1/29937 | ||
| 008 | 960703s1994 eng d | ||
| 020 | |a 3540583238 | ||
| 020 | |a 0387583238 | ||
| 035 | |l 10038443 | ||
| 035 | |a 1995 | ||
| 040 | |a GR-MY-UA |b gre |e aacr | ||
| 041 | 0 | |a eng | |
| 082 | 0 | |a 515.785 | |
| 100 | 1 | |a Nillsen, Rodney Victor |d 1945- | |
| 245 | 1 | 0 | |a Difference spaces and invariant linear forms / |c Rodney Victor Nillsen |
| 260 | |a Berlin ; New York : |b Springer-Verlag, |c c1994 | ||
| 300 | |a xii, 186 p.; |c 24 cm. | ||
| 490 | 1 | |a Lecture notes in mathematics (Springer-Verlag) |v ; 1586 | |
| 504 | |a Includes bibliographical references and indexes | ||
| 650 | 0 | 0 | |a Harmonic analysis. |
| 650 | 0 | 0 | |a Fourier transformations. |
| 650 | 0 | 0 | |a Singular integrals. |
| 830 | 0 | |a Lecture notes in mathematics (Springer-Verlag) |v ; 1586 | |
| 852 | |a INST |b SAMOS |e 19960703 |h 515.785 NIL |p 005300005320 |q 005300005320 |t BK |y 0 | ||
| 852 | |a INST |b SAMOS |e 19990324 |h 515.785 NIL |p 005300014778 |q 005300014778 |t BK |y 0 | ||
| 901 | |a BIBL-1999-1 | ||
| 909 | |a Σ |b 039199 | ||
| 909 | |a Σ |b 064507 | ||
| 922 | |a 3ΕΛΗ |b 199902 |c ΚΠΣ |d GLORY | ||